LEADER 00906nam0-22003011i-450- 001 990008110480403321 005 20050511120150.0 035 $a000811048 035 $aFED01000811048 035 $a(Aleph)000811048FED01 035 $a000811048 100 $a20050511d1962----km-y0itay50------ba 101 0 $aeng 102 $aUS 105 $ay---n---001yy 200 1 $aPrice formation in natural gas fields$da study of competition, monopsony, and regulation$fPaul W. MacAvoy 210 $aNew Haven$cYale University Press$d1962 215 $aXIX, 281 p.$d23 cm 225 1 $aYale studies in economics$v14 676 $a338.27285$v21$zita 700 1$aMacAvoy,$bPaul W.$0121412 801 0$aIT$bUNINA$gRICA$2UNIMARC 901 $aBK 912 $a990008110480403321 952 $aXV C 54 (14)$b72929$fFGBC 959 $aFGBC 996 $aPrice formation in natural gas fields$9757910 997 $aUNINA LEADER 04641nam 2200637 450 001 9910829874703321 005 20170918164204.0 010 $a1-118-53491-3 010 $a1-118-53489-1 010 $a1-118-53490-5 035 $a(CKB)3710000000491870 035 $a(EBL)4529106 035 $a(SSID)ssj0001570155 035 $a(PQKBManifestationID)16221735 035 $a(PQKBTitleCode)TC0001570155 035 $a(PQKBWorkID)12813922 035 $a(PQKB)11170623 035 $a(PQKBManifestationID)14971948 035 $a(PQKBWorkID)12553593 035 $a(PQKB)20364835 035 $a(MiAaPQ)EBC4529106 035 $a(DLC) 2015029090 035 $a(iGPub)WILEYB0029291 035 $a(PPN)189563249 035 $a(EXLCZ)993710000000491870 100 $a20150709d2016 uy| 0 101 0 $aeng 135 $aur|n|---||||| 181 $ctxt 182 $cc 183 $acr 200 10$aDrying phenomena $etheory and applications /$fIbrahim Dincer and Calin Zamfirescu 205 $a1st ed. 210 1$aChichester, West Sussex, United Kingdom :$cJohn Wiley & Sons, Incorporated,$d[2016] 215 $a1 online resource (672 p.) 300 $aDescription based upon print version of record. 311 $a1-119-97586-7 320 $aIncludes bibliographical references and index. 327 $aTitle Page; Table of Contents; Preface; Nomenclature; 1 Fundamental Aspects; 1.1 Introduction; 1.2 Fundamental Properties and Quantities; 1.3 Ideal Gas and Real Gas; 1.4 The Laws of Thermodynamics; 1.5 Thermodynamic Analysis Through Energy and Exergy; 1.6 Psychometrics; 1.7 Heat Transfer; 1.8 Mass Transfer; 1.9 Concluding Remarks; 1.10 Study Problems; References; 2 Basics of Drying; 2.1 Introduction; 2.2 Drying Phases; 2.3 Basic Heat and Moisture Transfer Analysis; 2.4 Moist Material; 2.5 Types of Moisture Diffusion; 2.6 Shrinkage; 2.7 Modeling of Packed-Bed Drying 327 $a2.8 Diffusion in Porous Media with Low Moisture Content2.9 Modeling of Heterogeneous Diffusion in Moist Solids; 2.10 Conclusions; 2.11 Study Problems; References; 3 Drying Processes and Systems; 3.1 Introduction; 3.2 Drying Systems Classification; 3.3 Main Types of Drying Devices and Systems; 3.4 Processes in Drying Systems; 3.5 Conclusions; 3.6 Study Problems; References; 4 Energy and Exergy Analyses of Drying Processes and Systems; 4.1 Introduction; 4.2 Balance Equations for a Drying Process; 4.3 Performance Assessment of Drying Systems 327 $a4.4 Case Study 1: Analysis of Continuous-Flow Direct Combustion Dryers4.5 Analysis of Heat Pump Dryers; 4.6 Analysis of Fluidized Bed Dryers; 4.7 Conclusions; 4.8 Study Problems; References; 5 Heat and Moisture Transfer; 5.1 Introduction; 5.2 Transient Moisture Transfer During Drying of Regularly Shaped Materials; 5.3 Shape Factors for Drying Time; 5.4 Moisture Transfer Coefficient and Diffusivity Estimation from Drying Curve; 5.5 Simultaneous Heat and Moisture Transfer; 5.6 Models for Heat and Moisture Transfer in Drying; 5.7 Conclusions; 5.8 Study Problems; References 327 $a6 Numerical Heat and Moisture Transfer6.1 Introduction; 6.2 Numerical Methods for PDEs; 6.3 One-Dimensional Problems; 6.4 Two-Dimensional Problems; 6.5 Three-Dimensional Problems; 6.6 Influence of the External Flow Field on Heat and Moisture Transfer; 6.7 Conclusions; 6.8 Study Problems; References; 7 Drying Parameters and Correlations; 7.1 Introduction; 7.2 Drying Parameters; 7.3 Drying Correlations; 7.4 Conclusions; 7.5 Study Problems; References; 8 Exergoeconomic and Exergoenvironmental Analyses of Drying Processes and Systems; 8.1 Introduction; 8.2 The Economic Value of Exergy 327 $a8.3 EXCEM Method8.4 SPECO Method; 8.5 Exergoenvironmental Analysis; 8.6 Conclusions; 8.7 Study Problems; References; 9 Optimization of Drying Processes and Systems; 9.1 Introduction; 9.2 Objective Functions for Drying Systems Optimization; 9.3 Single-Objective Optimization; 9.4 Multiobjective Optimization; 9.5 Conclusions; 9.6 Study Problems; References; 10 Sustainability and Environmental Impact Assessment of Drying Systems; 10.1 Introduction; 10.2 Sustainability; 10.3 Environmental Impact; 10.4 Case Study: Exergo-Sustainability Assessment of a Heat Pump Dryer; 10.5 Conclusions 327 $a10.6 Study Problems 606 $aDrying 615 0$aDrying. 676 $a664/.0284 700 $aDinc?er$b I?brahim$f1964-$0421460 702 $aZamfirescu$b Calin 801 0$bMiAaPQ 801 1$bMiAaPQ 801 2$bMiAaPQ 906 $aBOOK 912 $a9910829874703321 996 $aDrying phenomena$94045980 997 $aUNINA LEADER 03509nam 22007215 450 001 9910298453503321 005 20200705021210.0 010 $a3-319-22437-9 024 7 $a10.1007/978-3-319-22437-4 035 $a(CKB)3710000000498916 035 $a(EBL)4178487 035 $a(SSID)ssj0001583758 035 $a(PQKBManifestationID)16263894 035 $a(PQKBTitleCode)TC0001583758 035 $a(PQKBWorkID)14865836 035 $a(PQKB)11243337 035 $a(DE-He213)978-3-319-22437-4 035 $a(MiAaPQ)EBC4178487 035 $a(PPN)190525444 035 $a(EXLCZ)993710000000498916 100 $a20151030d2015 u| 0 101 0 $aeng 135 $aur|n|---||||| 181 $ctxt 182 $cc 183 $acr 200 10$aAdvanced Microscopy in Mycology /$fedited by Tanya E. S. Dahms, Kirk J. Czymmek 205 $a1st ed. 2015. 210 1$aCham :$cSpringer International Publishing :$cImprint: Springer,$d2015. 215 $a1 online resource (171 p.) 225 1 $aFungal Biology,$x2198-7777 300 $aDescription based upon print version of record. 311 $a3-319-22436-0 320 $aIncludes bibliographical references at the end of each chapters and index. 327 $aApplications of Confocal Laser Scanning Microscopy in Filamentous Fungi -- Fluorescence-based Methods for the Study of Protein Localization, Interaction, and Dynamics in Filamentous Fungi -- Super Resolution Microscopy: SIM, STED and Localization Microscopy -- Fourier Transform Infrared (FTIR) Microscopy and Imaging of Fungi -- Whole Cells Imaged by Hard X-ray Transmission Microscopy -- In situ Nanocharacterization of Yeast Cells Using ESEM and FIB -- Imaging Living Yeasts Cells and Quantifying Their Biophysical Properties by Atomic Force Microscopy -- Future Directions in Mycological Microscopy. 330 $aThis volume provides insight into the principles underscoring various advanced microscopy methods and how they have been, or have the potential to be, applied to mycology. Offering a comprehensive overview of the confocal principle, confocal laser scanning microscopy and its application to fungal biology, this text also examines the newer sophisticated fluorescence-based methods of technology. 410 0$aFungal Biology,$x2198-7777 606 $aMicroscopy 606 $aPlant physiology 606 $aCytology 606 $aDevelopmental biology 606 $aBiological Microscopy$3https://scigraph.springernature.com/ontologies/product-market-codes/L26000 606 $aPlant Physiology$3https://scigraph.springernature.com/ontologies/product-market-codes/L33020 606 $aCell Biology$3https://scigraph.springernature.com/ontologies/product-market-codes/L16008 606 $aDevelopmental Biology$3https://scigraph.springernature.com/ontologies/product-market-codes/L18000 615 0$aMicroscopy. 615 0$aPlant physiology. 615 0$aCytology. 615 0$aDevelopmental biology. 615 14$aBiological Microscopy. 615 24$aPlant Physiology. 615 24$aCell Biology. 615 24$aDevelopmental Biology. 676 $a589.2 702 $aDahms$b Tanya E. S$4edt$4http://id.loc.gov/vocabulary/relators/edt 702 $aCzymmek$b Kirk J$4edt$4http://id.loc.gov/vocabulary/relators/edt 801 0$bMiAaPQ 801 1$bMiAaPQ 801 2$bMiAaPQ 906 $aBOOK 912 $a9910298453503321 996 $aAdvanced Microscopy in Mycology$92502181 997 $aUNINA